000 00445nam a2200193 a 4500
001 13466
003 CO-ViMGA
008 141112s2004 ck r 000 u spa d
020 _a8477648778
040 _aCO-ViMGA
_bspa
_cCO-ViMGA
082 0 4 _aFABo
245 1 0 _aFabulas Oceano
260 _aBarcelona :
_boceano,
_c1997
300 _a2
490 _aVer, oir y leer
500 _a2cassettes.
650 1 4 _aFABULAS
_91053
942 _2ddc
_cBK
999 _c24195
_d24195